| 000 | 00717nam a2200253Ia 4500 | ||
|---|---|---|---|
| 003 | OSt | ||
| 005 | 20221005032356.0 | ||
| 006 | a|||||r|||| 00| 0 | ||
| 007 | ta | ||
| 008 | 221004b |||||||| |||| 00| 0 eng d | ||
| 020 | _a0220655636 | ||
| 024 | _a41108 | ||
| 037 | _cTextual | ||
| 040 |
_aCRL _cCRL _beng |
||
| 041 |
_2eng _aeng |
||
| 082 | _aO111,1J64:g(S:55), M5 | ||
| 100 |
_aPequigney Joseph _958910 |
||
| 245 | 0 |
_aSuch is my love _b A study of Shakespeare's Sonnets |
|
| 260 |
_aChicago _bUniversity of Chicago _c1985 |
||
| 300 |
_aix, 249p _ccm. |
||
| 650 | _aENGLISH LITERATURE | ||
| 942 |
_hO111,1J64:g(S:55), M5 _cTEXL _2cc |
||
| 999 |
_c939622 _d939622 |
||